banner koha

Efeito da densidade populacional e época de colheita na produção de raízes de mandioca de mesa (Registro n. 227294)

MARC details
000 -LÍDER
campo de controle de tamanho fixo 00953nas a2200325 4500
001 - NÚMERO DE CONTROLE
campo de controle BR2013002863
003 - IDENTIFICADOR DO NÚMERO DE CONTROLE
campo de controle BR-BrBNA
005 - DATA E HORÁRIO DA ÚLTIMA TRANSAÇÃO
campo de controle 20231205122156.0
007 - CAMPO FIXO DE DESCRIÇÃO FÍSICA--INFORMAÇÃO GERAL
campo de controle de tamanho fixo ta
008 - CAMPO DE DADOS FIXOS--INFORMAÇÃO GERAL
campo de controle de tamanho fixo 230509b bl.|||p| |||| 00| 00por d
040 ## - FONTE DA CATALOGAÇÃO
Instituição da catalogação original BR-BrBNA
Idioma da catalogação por
Instituição que transcreveu o registro Biblioteca Nacional de Agricultura
041 ## - CÓDIGO DE IDIOMA
Código do idioma do texto/trilha sonora ou título diferente (Pt)
072 ## - CÓDIGO DE CATEGORIA DE ASSUNTO
Código de Categoria de Assunto F01; F08
100 1# - ENTRADA PRINCIPAL--NOME PESSOAL
Nome pessoal Aguiar, E.B.
100 1# - ENTRADA PRINCIPAL--NOME PESSOAL
Nome pessoal Valle, T.L.
100 1# - ENTRADA PRINCIPAL--NOME PESSOAL
Nome pessoal Lorenzi, J.O.
100 1# - ENTRADA PRINCIPAL--NOME PESSOAL
Nome pessoal Kanthack, R.A.D.
100 1# - ENTRADA PRINCIPAL--NOME PESSOAL
Nome pessoal Miranda Filho, H.
100 1# - ENTRADA PRINCIPAL--NOME PESSOAL
Nome pessoal Granja, N. do P.
245 1# - TÍTULO
Título Efeito da densidade populacional e época de colheita na produção de raízes de mandioca de mesa
650 ## - ASSUNTO--TERMO TÓPICO
Cabeçalho tópico ou nome geográfico MANDIOCA
650 ## - ASSUNTO--TERMO TÓPICO
Cabeçalho tópico ou nome geográfico ÉPOCA DE COLHEITA
650 ## - ASSUNTO--TERMO TÓPICO
Cabeçalho tópico ou nome geográfico RENDIMENTO
650 ## - ASSUNTO--TERMO TÓPICO
Cabeçalho tópico ou nome geográfico RAIZ
650 ## - ASSUNTO--TERMO TÓPICO
Cabeçalho tópico ou nome geográfico QUALIDADE
650 ## - ASSUNTO--TERMO TÓPICO
Cabeçalho tópico ou nome geográfico PRODUTIVIDADE
773 0# - ENTRADA ANALÍTICA
Título Bragantia (Brazil)
ISSN - International Standard Serial Number ISSN 0006-8705
Partes relacionadas (jul-sep 2011), v. 70(3) p. 561-569
Número de controle do registro BR2013002863
909 ## -
-- 202311
-- Lúcia
-- 55
-- Lúcia Elande
942 ## - ELEMENTOS DE ENTRADA ADICIONADOS (KOHA)
Fonte da classificação ou esquema de arquivamento na estante Classificação AGRIS
Ocultar no OPAC Não
Tipo de material Koha Analítica
Exemplares
Situação do descarte Fonte da classificação ou esquema de arquivamento na estante Situação física Não pode ser emprestado Biblioteca de origem Biblioteca atual Localização na estante Enumeração do periódico / cronologia Total de empréstimos Data de último acesso Número do exemplar Tipo de material Koha Fonte de aquisição
  Classificação AGRIS   Consulta local Biblioteca Nacional de Agricultura - Binagri Biblioteca Nacional de Agricultura - Binagri   (jul-sep 2011), v. 70(3) p. 561-569   29/11/2023 01 Periódicos Portaria Interministerial nº 164/94

BINAGRI

Telefone: (61)3218-2567/2388/3357/2097 - binagri@agro.gov.br

Ministério da Agricultura e Pecuária , Esplanada dos Ministérios, Bloco D, Anexo B, Brasília/DF, CEP: 70.043-900